Wiedza ogólna #4 -50 Pytań - Statystyki

Ogólne statystyki
  • Ten quiz został rozwiązany 3 773 razy
    3 766 od ostatniego zresetowania
  • Średni wynik to 19 z 50
Statystyki odpowiedzi
Lp Pytanie Odpowiedź % Poprawnych
23 Wymień miasta wchodzące w skład "Trójmiasta". Gdańsk, Gdynia, Sopot
83%
3 Napisz wszystkie liczebniki główne w języku angielskim od 1 do 10. (w kolejności!) One, two, three, four, five, six, seven, eight, nine, ten
80%
30 Jak nazywa się najgłębszy na świecie rów oceaniczny? Rów Mariański
74%
16 Wymień wszystkie trzy rodzaje literackie. Epika, Liryka, Dramat
73%
33 Jaki pierwiastek nazywa się tak samo jak miasto oraz półwysep w Polsce? Hel
73%
22 Jak nazywa się gwiazda znajdują się najbliżej Ziemi? Słońce
68%
41 Jak nazywa się pismo alfabetyczne stosowane między innymi w Rosji, Bułgarii czy Kazachstanie? Cyrylica
65%
7 Jakiej bryły pole całkowite obliczymy wzorem Pc=2πr^2+2πrH Walec
65%
47 Ile nanometrów mieści się w 10 metrach? 10 000 000 000
64%
5 Jak nazywa się pierwiastek, który równie dobrze można nazywać "aluminium"? Glin
62%
25 Jak nazywa się kanał oddzielający Azję od Afryki? Kanał Suezki
59%
20 W jakim mieście znajduje się fabryka czekolady E. Wedel? Warszawa
59%
35 Jak nazywa się jednostka częstotliwości w układzie SI? Herc
57%
29 Wymień wszystkie "przypadki" w języku polskim (w kolejności). Mianownik, dopełniacz, celownik, biernik, narzędnik, miejscownik, wołacz
57%
15 Oblicz 6!=? 720
52%
32 Jak nazywa się wyspa w północno-zachodniej Polsce na której znajdują się Międzyzdroje? Wolin
52%
46 Jak nazywa się obszar czasoprzestrzeni, którego, z uwagi na wpływ grawitacji, nic, łącznie ze światłem, nie może opuścić? Czarna Dziura
51%
49 Jak nazywa się nuta w notacji muzycznej trwająca jedną czwartą całej nuty lub połowę półnuty? Ćwierćnuta
50%
10 Podaj daty (tylko rok) wszystkich trzech rozbiorów Polski. 1772, 1793, 1795
48%
1 Jak nazywa się kopalina często określana jako "Czarne Złoto"? Ropa Naftowa
46%
27 W którym roku Rosja dokonała agresji na terytorium Gruzji? 2008
45%
43 GPU jest częścią, którego komponentu PC? Karta graficzna
40%
24 Na terenie którego kraju odbyła się operacja wojskowa "Desert Storm" -Pustynna Burza? Kuwejt
40%
39 Jak nazywa się polski bank emisyjny? Narodowy Bank Polski
40%
45 Jak nazywa się zespół którego wokalistą jest Kazik Staszewski? Kult
38%
4 Jak nazywał się system segregacji rasowej, który obowiązywał w RPA? Apartheid
35%
42 Jaki tytuł nosi hymn Wielkiej Brytanii? Boże Chroń Królową
35%
19 Jak nazywają się francuskie pociągi szybkobieżne? TGV
34%
14 Jak nazywał się książę Polski po którym nastąpiło tzw. "rozbicie dzielnicowe"? Bolesław III Krzywousty
33%
44 Rozwiń skrót KRRiT. Krajowa Rada Radiofonii i Telewizji
30%
28 Jak nazywa się siła, która zastępuje działanie kilku sił, przyłożonych do tego samego ciała? Siła wypadkowa
29%
40 Wymień w kolejności pięć pierwszych liter alfabetu greckiego (w kolejności). Alfa, beta, gamma, delta, epsilon,
28%
34 Z soku której rośliny produkuje się tequile? Agawa niebieska
27%
38 Jak w statystyce nazywamy wartość środkową tzw. drugi kwartyl? Mediana
26%
36 Który bank jako pierwszy w Polsce zaczął świadczyć usługi bankowości elektronicznej? Bank Pekao S.A.
25%
8 Jak nazywa się grupa ssaków do której należy między innymi dziobak? Stekowce
21%
21 Napisz słowo "pies" w języku angielskim, niemieckim i francuskim. Dog, hund, chien
20%
9 Jak nazywał się aktor, który wcielił się w rolę Luke'a Skywalker'a? Mark Hamill
19%
26 Jak nazywa się nieuznawany na arenie międzynarodowej kraj znajdujący się w północnej części Somalii? Somaliland
17%
6 W jakim mieście obecnie znajduje się siedziba główna producenta ciągników "URSUS"? Lublin
14%
12 Jak inaczej nazywana jest również liczba "pi"? Ludolfina
11%
31 Jak nazywa się największe miasto na Alasce? Anchorage
10%
50 Jaką wielkość fizyczną obliczymy wzorem η=Ewy/Ewe Sprawność
9%
37 Jak nazywa się typ stożka którego objętość oblicza się wzorem V= π/3*h(R^2+Rr+R^2)? Stożek Ścięty
9%
17 Podaj pełną datę wstąpienia Polski do NATO. 12 Marzec 1999
8%
18 Jak nazywa się pierwsza japońska w pełni wirtualna gwiazda pop? Hatsune Miku
8%
13 Jak nazywa się najdalej wysunięty na zachód punk lądu stałego Europy? Przylądek Roca
4%
48 Jak po roku 1971 (jak i obecnie) nazywa się amerykański zespół, Soft White Underbelly, który zasłynał takimi utworami jak Don't Fear the Reaper oraz Godzilla? Blue Öyster Cult
3%
2 Jak nazywał się założyciel korporacji "Commodore"? Jack Tramiel
2%
11 Jak brzmiała pełna nazwa sojuszu wojskowego 'Pakt Warszawski"? Układ o Przyjaźni, Współpracy i Pomocy Wzajemnej
2%
Nie znaleziono quizów pasujących do podanych kryteriów
Rozkład punktacji
Procent ludzi z każdym wynikiem
Percentyl według liczby udzielonych odpowiedzi
Twoja historia wyników
Nie rozwiązałeś tego quizu od ostatniego zresetowania